LEADER 01019nam a2200229 i 4500 001 000000343326 003 CaOOAMICUS 005 20201210151602.0 008 201210s1946 it u001 u ita u 040 $aSeMil$bita 245 13$aIl Paradiso in terra o lo Stato Religioso /$ctraduzione dal portoghese dal Sac. G. Alberione ssp. 260 $aAlba :$bApostolato stampa,$c1946. 300 $a121 p. ;$c16 cm 650 4$aVita religiosa - Spiritualitą.$0(OLS)http://semarc/subject/1528 700 1 $aAlberione, Giacomo,$c,$etraduttore.$0(OLS)http://semarc/name/89110 830 0$aPresenze.$0(OLS)http://semarc/title/11342 850 $aSeMil 852 $aSeMil$W1$xVenegono$y1$m5D XII 28/36$j223318$B234325$CSeMilBibl$Z2$F234325 $81 961 $aTimbro della Biblioteca Fratelli Oblati 996 $6245$aIl Paradiso in terra o lo Stato Religioso$9(OLS)http://semarc/title/432291 996 $6260$aAlba :$bApostolato stampa$9(OLS)http://semarc/publisher/33666 LEADER 01255nam a2200301 i 4500 001 000000118748 003 CaOOAMICUS 005 20031008000000.0 008 031008s1999 it u000 u ita u 013 $a91441 020 $a88-7357-198-0 040 $aSeMil$bita 100 1 $aGiuliani, Maurice .$0(OLS)http://semarc/name/93020 245 12$aL'esperienza degli esercizi spirituali nella vita quotidiana /$cMaurice Giuliani. 260 $aRoma :$bAdP,$c1999. 300 $a267 p. ;$c21 cm. 490 0 $aEsercizi spirituali. Studi ;$v2 500 $aFondo Card. C.M. Martini. 650 4$aEsercizi spirituali.$0(OLS)http://semarc/subject/175 650 4$aEsercizi spirituali - Vita quotidiana.$0(OLS)http://semarc/subject/20509 830 0$aEsercizi spirituali. Studi ;$v2.$0(OLS)http://semarc/title/10442 850 $aSeMil 852 $aSeMil$W1$xVenegono$y1$m2C III 458$j74034$B74034$CSeMilBibl$Z2$F94799 $81 941 1 $a4 961 $aOmaggio: Martini Card. Carlo Maria 996 $6020$a88-7357-198-0$9(OLS)http://semarc/number/103444 996 $6245$aL'esperienza degli esercizi spirituali nella vita quotidiana$9(OLS)http://semarc/title/174471 996 $6260$aRoma :$bAdP$9(OLS)http://semarc/publisher/32136